ESSENTIALS OF CLINICAL PERIODONTOLOGY & PERIODONTICS. (Record no. 9806)

MARC details
000 -LEADER
fixed length control field 00330nam a22001337a 4500
082 ## - DEWEY DECIMAL CLASSIFICATION NUMBER
Classification number 617.63 ,E14R
100 ## - MAIN ENTRY--PERSONAL NAME
Personal name REDDY,SHANTIPRIYA
245 ## - TITLE STATEMENT
Title ESSENTIALS OF CLINICAL PERIODONTOLOGY & PERIODONTICS.
250 ## - EDITION STATEMENT
Edition statement 4TH
260 ## - PUBLICATION, DISTRIBUTION, ETC. (IMPRINT)
Place of publication, distribution, etc DELHI
Name of publisher, distributor, etc JAYPEE BROTHERS
Year of Publication 2014
300 ## - PAGE DESCRIPTION
No. of Pages 457
650 ## - SUBJECT ADDED ENTRY--TOPICAL TERM
Topical term or geographic name as entry element PERIODONTOLOGY
942 ## - ADDED ENTRY ELEMENTS (KOHA)
Source of classification or shelving scheme Dewey Decimal Classification
Koha item type Books
942 ## - ADDED ENTRY ELEMENTS (KOHA)
-- 12
Holdings
Withdrawn status Lost status Source of classification or shelving scheme Damaged status Not for loan Home library Current library Shelving location Date acquired Cost, normal purchase price SGTU Total Checkouts Full call number Accession No. (Barcode) Date last seen Date last borrowed Bill Date Koha item type
    Dewey Decimal Classification     SGT Dental Library SGT Dental Library Text Book 16/08/2016 457.00 SGTU 29 617.63 ,E14R FD7344 28/05/2026 20/05/2026 16/08/2016 Books